000070360 001__ 70360
000070360 005__ 20260201180924.0
000070360 022__ $$a2214-7861
000070360 022__ $$a2214-7861$$l2214-7861
000070360 0247_ $$2ZDBID$$aPERI:(DE-600)2763238-6
000070360 0247_ $$2ZDBPPN$$aZDPPN:1048749843
000070360 0247_ $$2EZBID$$aPERI:(DE-606)215002
000070360 0247_ $$2EZBID$$aPERI:(DE-606)215002
000070360 0247_ $$2EZBID$$aPERI:(DE-606)215002
000070360 0247_ $$2EZBID$$aPERI:(DE-606)215002
000070360 0247_ $$2OCLC$$aOCLC:1083952606
000070360 0247_ $$2JCR$$aJCR:J APPL RES MED AROMA
000070360 0247_ $$2ISI$$aWOS:JOURNAL OF APPLIED RESEARCH ON MEDICINAL AND AROMATIC PLANTS
000070360 0247_ $$2SCOPUS$$aSCOPUS:21100366771
000070360 0247_ $$2Medline$$amedline:101677468
000070360 035__ $$aPERI:(DE-600)2763238-6
000070360 040__ $$a0100$$bger$$cDE-101$$dJOIN²$$eJOIN² journal identification
000070360 041__ $$aeng
000070360 044__ $$cXA-NL
000070360 082__ $$223sdnb$$a610$$qDE-600
000070360 08274 $$223sdnb$$a610$$qDE-600
000070360 2100_ $$2iso$$aJ Appl Res Med Aromat Plants
000070360 2100_ $$2dnlm$$aJ Appl Res Med Aromat Plants
000070360 2100_ $$2iso$$aJ Appl Res Med Aromat Plants
000070360 24220 $$2DE-600$$aJournal of applied research on medicinal and aromatic plants$$bJARMAP$$yen
000070360 24220 $$2DE-600$$aJournal of applied research on medicinal and aromatic plants$$bJARMAP
000070360 245__ $$2DE-600$$aJournal of applied research on medicinal and aromatic plants$$bJARMAP$$honline, print
000070360 2463_ $$2DE-600$$aJournal of applied research on medicinal and aromatic plants
000070360 2463_ $$aJARMAP
000070360 2463_ $$aJournal of applied research on medicinal and aromatic plants
000070360 260__ $$aAmsterdam [u.a.]$$bElsevier$$c2014-
000070360 260_1 $$0Host:(DE-Juel1)3$$2DE-Juel1$$aElsevier
000070360 26431 $$aAmsterdam [u.a.]$$bElsevier$$c2014-
000070360 3620_ $$2DE-600$$a1.2014 -
000070360 36301 $$2DE-600$$81.1\x$$a1$$i2014
000070360 380__ $$2marcgt$$ajournal
000070360 500__ $$aAutomatically generated record. (Updated: 2025-11-12)
000070360 650_7 $$0ASJC:1110$$2ASJC$$aPlant Science
000070360 650_7 $$0ASJC:3002$$2ASJC$$aDrug Discovery
000070360 65310 $$2EZB-Subject$$aMedicine
000070360 65310 $$2EZB-Keyword$$aPhytomedizin
000070360 77608 $$2DE-600$$iErscheint auch als$$nDruck-Ausgabe$$tJournal of applied research on medicinal and aromatic plants$$x2214-7861
000070360 8564_ $$d0$$uhttps://ezb.ur.de/?2763238-6$$yEZB
000070360 8564_ $$d0$$uhttps://www.sciencedirect.com/science/journal/22147861$$yVerlag
000070360 8801_ $$2DE-600$$aJournal of applied research on medicinal and aromatic plants$$bJARMAP
000070360 909CO $$ooai:juser.fz-juelich.de:158652$$pauthority$$pauthority:PERI
000070360 909CO $$ooai:juser.fz-juelich.de:158652
000070360 915__ $$0StatID:(DE-HGF)0100$$2StatID$$aJCR$$bJ APPL RES MED AROMA : 2022$$d2025-11-12
000070360 915__ $$0StatID:(DE-HGF)0200$$2StatID$$aDBCoverage$$bSCOPUS$$d2025-11-12
000070360 915__ $$0StatID:(DE-HGF)0300$$2StatID$$aDBCoverage$$bMedline$$d2025-11-12
000070360 915__ $$0StatID:(DE-HGF)0199$$2StatID$$aDBCoverage$$bClarivate Analytics Master Journal List$$d2025-11-12
000070360 915__ $$0StatID:(DE-HGF)0160$$2StatID$$aDBCoverage$$bEssential Science Indicators$$d2025-11-12
000070360 915__ $$0StatID:(DE-HGF)0113$$2StatID$$aWoS$$bScience Citation Index Expanded$$d2025-11-12
000070360 915__ $$0StatID:(DE-HGF)0150$$2StatID$$aDBCoverage$$bWeb of Science Core Collection$$d2025-11-12
000070360 915__ $$0StatID:(DE-HGF)1060$$2StatID$$aDBCoverage$$bCurrent Contents - Agriculture, Biology and Environmental Sciences$$d2025-11-12
000070360 915__ $$0StatID:(DE-HGF)9900$$2StatID$$aIF < 5$$d2025-11-12
000070360 980__ $$aPERI
000070360 980__ $$aAUTHORITY